000 01382nam a2200241Ii 4500
003 JO-AjNU
005 20240625100321.0
008 230605s9999||||xx |||||||||||||| ||und||
040 _aJO-AjNU
_bara
_erda
_cJO-AjNU
041 _aara
050 1 4 _aHF5668.2021
100 1 _aالشياب، ليث انيس
_eمعد
_965586
245 0 0 _aدور الرقابة الداخلية على الخصائص الرئيسية للتقارير المالية في الشركات الصناعية الاردنية: تكنولوجيا المعلومات كمتغير معدل(دراسة ميدانية من وجهة نظر المدققين الداخليين) = The Role of Internal Control on the Main Characteristics of Financial Reports in Jorda /
_cاعداد ليث انيس الشياب؛ اشراف مأمون محمد القضاة
264 3 1 _a2021
300 _a88 ورقة
336 _atext
_btxt
_2rdacontent
337 _aunmediated
_bn
_2rdamedia
338 _avolume
_bnc
_2rdacarrier
500 _aرسالة حامعية(اطروحة ماجستير) جامعة عجلون الوطنية، كلية ادارة الاعمال، تخصص المحاسبة؛ 2021
650 4 _aالرقابة الداخلية-الشركات الصناعية- التقارير المالية-الاردن
_961425
700 1 _aمأمون محمد القضاة
_964873
_eمشرف
942 _2lcc
_cTHS
999 _c31332
_d31332